Early instructed second language acquisition: (Record no. 527)
[ view plain ]
| 000 -LEADER | |
|---|---|
| fixed length control field | 00811nam a22002177a 4500 |
| 005 - DATE AND TIME OF LATEST TRANSACTION | |
| control field | 20230614073928.0 |
| 008 - FIXED-LENGTH DATA ELEMENTS--GENERAL INFORMATION | |
| fixed length control field | 230112b |||||||| |||| 00| 0 eng d |
| 020 ## - INTERNATIONAL STANDARD BOOK NUMBER | |
| International Standard Book Number | 978-1-78892-249-4 |
| 082 ## - DEWEY DECIMAL CLASSIFICATION NUMBER | |
| Classification number | 372.65 Ea76 2019 |
| 100 ## - MAIN ENTRY--PERSONAL NAME | |
| Personal name | Jaskow, Joanna R. |
| Relator term | author |
| 245 ## - TITLE STATEMENT | |
| Title | Early instructed second language acquisition: |
| Remainder of title | pathways to competence / |
| Statement of responsibility, etc. | Joanna Rokita-Jaskow, Melanie Ellis |
| 260 ## - PUBLICATION, DISTRIBUTION, ETC. | |
| Place of publication, distribution, etc. | Bristol, UK: |
| Name of publisher, distributor, etc. | Multilingual Matters, |
| Date of publication, distribution, etc. | c2019. |
| 300 ## - PHYSICAL DESCRIPTION | |
| Extent | x, 257p. |
| 490 ## - SERIES STATEMENT | |
| Series statement | Early language learning in school context; 2 |
| 504 ## - BIBLIOGRAPHY, ETC. NOTE | |
| Bibliography, etc. note | Includes index and references |
| 541 ## - IMMEDIATE SOURCE OF ACQUISITION NOTE | |
| Accession number | 6478 |
| 650 ## - SUBJECT ADDED ENTRY--TOPICAL TERM | |
| Topical term or geographic name entry element | Second language acquisition |
| 650 ## - SUBJECT ADDED ENTRY--TOPICAL TERM | |
| Topical term or geographic name entry element | language and languages - Study and teaching (Elementary) |
| 650 ## - SUBJECT ADDED ENTRY--TOPICAL TERM | |
| Topical term or geographic name entry element | English language - Study and teaching (Elementary) |
| 700 ## - ADDED ENTRY--PERSONAL NAME | |
| Personal name | Ellis, Melanie |
| Relator term | author |
| Withdrawn status | Lost status | Source of classification or shelving scheme | Damaged status | Not for loan | Home library | Current library | Date acquired | Total Checkouts | Full call number | Barcode | Date last seen | Copy number | Price effective from | Koha item type |
|---|---|---|---|---|---|---|---|---|---|---|---|---|---|---|
| Dewey Decimal Classification | ctu-moalboal | ctu-moalboal | 11/25/2020 | 372.65 Ea76 2019 | 6478 | 01/12/2023 | 1 | 01/12/2023 | Books-Reference |